| 000 | 00318nam a2200097Ia 4500 | ||
|---|---|---|---|
| 008 | 220120s9999||||xx |||||||||||||| ||und|| | ||
| 100 |
_aSarvamangala, Rekha, S _912223 |
||
| 245 | 0 | _aGSM based mobile telemonitoring management system | |
| 260 |
_aCoorg Institute of Technology _bPonnampet _c2002 |
||
| 650 | _aCOMPUTER SCIENCE | ||
| 999 |
_c137809 _d137809 |
||